Statistics for Six Flags Over Texas

Click here to take the quiz!

General Stats

  • This quiz has been taken 17,490 times
  • The average score is 5 of 6

Answer Stats

Country% Correct
Mexico
98%
United States
98%
Spain
94%
France
91%
Republic of Texas
70%
Confederate States
44%

Score Distribution

Percentile by Number Answered

Percent of People with Each Score

Your Score History

You have not taken this quiz